000 00434nam a22001457a 4500
999 _c533404
_d533404
003 NUST
038 _aMuhammad Ibrahim
082 _a954.91003
_bBUR 1991
100 1 _aBurki, Shahid Javed.
_92782
245 _aHistorical dictionary of Pakistan /
_cby Shahid Javed Burki.
260 _aLahore :
_bMirza Book Agency,
_c1991.
300 _axxxvi, 254 p. :
_c23 cm.
650 _aPakistan
_xHistory
_xDictionaries.
_927270
942 _2ddc
_cBK